Tertullien et Saint Augustin : ouvres choises /

Alrededor del año doscientos, con motivo de las intrigas de Plautiano, consuegro del emperador Lucio Septimio Severo, y para poner al pueblo de su lado, acusó a los cristianos, quienes sin contar con defensa alguna fueron juzgados; la consecuencia: muchos de ellos fueron injustamente asesinados. Fre...

Повний опис

Збережено в:
Бібліографічні деталі
Автор: Nisard, Désiré (ed. y tr.)
Інші автори: Tertuliano (autor) (autor), Agustín, Santo (autor) (autor)
Формат: Книга
Мова:Латинська
Серія:(Collection des Auteurs Latins)
Предмети:
Теги: Додати тег
Немає тегів, Будьте першим, хто поставить тег для цього запису!

MARC

LEADER 00000nam^a2200000^a^4500
001 000380805
005 20250526000000.0
009 20260310120619.997
037 |a Acervo Xavier Clavigero 
041 |a LAT 
082 |a 878.  |b NIS TER 
100 |a Nisard, Désiré  |e (ed. y tr.) 
240 1 1 |a [Apología contra los gentiles] 
240 1 4 |a [La ciudad de Dios] 
245 1 0 |a Tertullien et Saint Augustin :  |b ouvres choises /  |c Ed. y tr. por D. Nisard. 
264 |a París, Francia :  |b Firmin Didot Frères,  |c 1858 
300 |a 816 p. ;  |c 25.5 cm. 
336 |a texto  |b txt  |2 rdacontenido 
337 |a sin mediación  |b n  |2 rdamedio 
338 |a volumen  |b nc  |2 rdasoporte 
440 1 |a (Collection des Auteurs Latins) 
520 |a Alrededor del año doscientos, con motivo de las intrigas de Plautiano, consuegro del emperador Lucio Septimio Severo, y para poner al pueblo de su lado, acusó a los cristianos, quienes sin contar con defensa alguna fueron juzgados; la consecuencia: muchos de ellos fueron injustamente asesinados. Frente a esta infamia Tertuliano escribió cincuenta argumentos que demuestra la inocencia de ellos, sus creencias y modo honesto de proceder, así como los fundamentos de la doctrina cristiana. Tertuliano (ca. 160-220), fue un presbítero latino de Cartago, teólogo y apologista que ejerció la abogacía en Roma antes de su conversión al cristianismo. 
545 0 |a San Agustín (354-430), obispo de Hipona, teólogo, filósofo y Padre de la Iglesia, nacido en Tagaste (Numidia), Argelia. Estudió gramática y literatura latina; enseñó retórica en Cartago, Tagaste, Roma y Milán. Fue un defensor del maniqueísmo, hasta antes de su conversión al cristianismo en el año 387. Basado en la doctrina cristiana y el neoplatonismo orienta su búsqueda de la verdad, que la encuentra en la interioridad del hombre, pues desde esa interioridad se llega a las verdades eternas y a Dios. La clave de su planteamiento está en la relación alma-Dios, teniendo al mundo exterior como mediador. Sus obras consideradas de mayor relevancia son Las confesiones, La ciudad de Dios y Sobre la Trinidad. 
561 |a Ex libris de Biblioteca Juniorado San José 
561 |a Ex libris de Residencia de la Compañía de Morelia 
649 |a XX 
650 |a Padres de la Iglesia 
650 |a Providencia y Gobierno de Dios -  |x Tema Principal 
650 |a Vida Cristiana -  |x Tema Principal 
650 |a Paciencia 
650 |a Virtudes 
650 |a Salvación 
650 |a Escatología (Filosofía) 
650 |a Sociedad Civil -  |x Filosofía 
650 |a Historia -  |x Filosofía 
650 |a Apologética 
650 |a Teología 
650 |a Patrística 
650 |a Neoplatónicos 
650 |a Filosofía Medieval 
650 |a Cristianismo -  |x Tema Principal 
650 |a Religión 
650 |a Roma -  |x Historia -  |y Dinastía de los Severos, 193-235 
650 |a Roma -  |x Historia -  |y Dinastía de Teodosio, 395-476 
650 |a Roma -  |x Historia -  |y Imperio, 31 a.C.-476 d.C. 
700 |a Tertuliano  |e (autor) 
700 |a Agustín,  |c Santo  |e (autor) 
740 0 |a Apologétique de Tertullien ou Défense des chrétiens contre les gentils /  |c Tertuliano. 
740 3 |a Le cité de Dieu /  |c San Agustín. 
910 |a Fondo General 
920 |a Impresos - Libros 
930 |a Libros Antiguos y Raros 
905 |a 108 
901 |a 0500275543  |b IT2  |c LRA  |u 20250526 
902 |a https://opac.biblio.iteso.mx/vufind/Record/000380805